00000000nam##2200000za#4500
0019.571451
003CaOODSP
00520240527135426
007cr |||||||||||
008150406|2003||||xxc|||||o    f|0| 0 eng|d
040 |aCaOODSP|beng
043 |an-cn---
0861 |aCW69-16/10-2003E-PDF
1102 |aCanadian Wildlife Service.
24510|aPopulation status of migratory game birds in Canada (and regulation proposals for overabundant species), November 2003 / |h[electronic resource]|c[by] Kathryn M. Dickson and Victoria Corvest.
260 |aGatineau - Quebec : |bEnvironment Canada. |cNovember 2003.
300 |a95p.|bgraphs, maps, references, tables
4901 |aCWS migratory birds regulatory report|vNo. 10
500 |aThe catalogue number (CW69-16/10-2003E), ISBN (0-662-35248-3) and ISSN (1497-0139) for the print edition have been incorrectly copied in this electronic publication.
590 |a12-04-Supp|b2012-02-20
7201 |aDickson, Kathryn M.
7201 |aCorvest, Victoria
77508|tSituation des populations d'oiseaux migrateurs considérés comme gibier au Canada (et réglementation proposée concernant les espèces surabondantes), Novembre 2003 / |w(CaOODSP)9.602054
830#0|aCWS migratory birds regulatory report ;|vNo. 10|w(CaOODSP)9.505137
85640|ahttp://publications.gc.ca|qPDF|s1.16 MB|uhttps://publications.gc.ca/collections/collection_2011/ec/CW69-16-10-2003-eng.pdf|yNo. 10